| 000 | 00996nam a2200289 a 4500 | ||
|---|---|---|---|
| 001 | 27551 | ||
| 003 | BD-RjUL | ||
| 005 | 20211209051153.0 | ||
| 008 | 140325s1975 ii h b 00110deng d | ||
| 020 | _a0706903552 (v. 1) | ||
| 035 | _a(BD-RjUL)27625 | ||
| 040 |
_dBD-RjUL _aANL _beng _cANL |
||
| 041 | _aeng | ||
| 082 | 0 | 0 |
_a954.0350924 _219 _bMIL V-1 1975 |
| 100 | 1 | 0 |
_aMisra, Dvaraka Prasada, _d1901- _984628 |
| 245 | 1 | 0 |
_aLiving an era / _cD.P. Mishra. _nVol I : _pIndia's march to freedom. |
| 260 | 0 |
_aDelhi [etc.] : _bVikas, _cc1975. |
|
| 300 |
_aviii, 625 p. : _bill. ; _c22 cm. |
||
| 504 | _aBibliography: p. 599-602 (v. 1) | ||
| 504 | _aIncludes index. | ||
| 505 | 0 | _av. 1. India's march to freedom. 1975 -- v. 2. The Nehru epoch : from democracy to monocracy. 1978. | |
| 600 | 1 | 0 |
_aMisra, Dvaraka Prasada, _d1901- _984635 |
| 650 | 0 |
_aPoliticians _zIndia _xBiography. _984630 |
|
| 651 | 0 |
_aIndia _xPolitics and government _y20th century. _984631 |
|
| 942 |
_2ddc _cBK |
||
| 999 |
_c27551 _d27551 |
||